[Event "Schaffhausen op"]
[Site "Schaffhausen"]
[Date "2023.01.03"]
[Round "2"]
[White "Mueller, Dennis"]
[Black "Sutter, Julian"]
[Result "1/2-1/2"]
[WhiteElo "1792"]
[BlackElo "1403"]
[PlyCount "151"]
[EventDate "2023.01.02"]
[EventType "swiss"]
[EventRounds "5"]
[EventCountry "SUI"]
[SourceTitle "CBM 212 Extra"]
[Source "ChessBase"]
[SourceDate "2023.03.31"]
[SourceVersion "1"]
[SourceVersionDate "2023.03.31"]
[SourceQuality "1"]

1. e4 c5 2. Nf3 Nc6 3. d4 cxd4 4. Nxd4 Nf6 5. Nc3 e6 6. Ndb5 Bb4 7. a3 Bxc3+ 8. Nxc3 d5 9. exd5 exd5 10. Bd3 0-0 11. 0-0 Bg4 12. Ne2 Re8 13. h3 Bh5 14. Be3 Bg6 15. Bxg6 hxg6 16. Nd4 a6 17. c3 Na5 18. Qc2 Rc8 19. Rad1 Nc4 20. Bc1 Qd6 21. g3 Re4 22. Bf4 Qb6 23. Rb1 Nh5 24. Bc1 Rce8 25. b3 Nd6 26. Kg2 Qc7 27. Qd3 Qd7 28. Bd2 b5 29. Rbe1 Rxe1 30. Rxe1 Rxe1 31. Bxe1 Qe7 32. Nf3 Qe4 33. Qd4 Qxd4 34. Nxd4 Nf6 35. f3 Nd7 36. Nc6 Nc5 37. Ne7+ Kf8 38. Nxd5 Nxb3 39. Nb6 Nc4 40. Nxc4 bxc4 41. Bf2 Ke7 42. f4 Kd6 43. Kf3 Nd2+ 44. Ke3 Nb1 45. Kd4 Nxa3 46. g4 f6 47. f5 gxf5 48. gxf5 a5 49. h4 Kc6 50. h5 Nb5+ 51. Kxc4 Nd6+ 52. Kb3 Kb5 53. Be1 Nxf5 54. Bd2 Ng3 55. c4+ Kc5 56. h6 gxh6 57. Bxh6 a4+ 58. Kxa4 Kxc4 59. Bf4 Ne2 60. Bb8 f5 61. Ka3 Kc3 62. Be5+ Nd4 63. Ka2 Kd3 64. Kb2 Ke4 65. Bb8 Nf3 66. Bg3 Ng1 67. Kc2 Ne2 68. Bb8 Nd4+ 69. Kd2 Nf3+ 70. Ke2 Ne5 71. Bxe5 Kxe5 72. Kf3 f4 73. Kf2 Ke4 74. Ke2 Ke5 75. Kf3 Kf5 76. Ke2 1/2-1/2

[Event "DSOL 05 Liga Gr-D 1st"]
[Site "Playchess.com INT"]
[Date "2020.07.23"]
[Round "5.3"]
[White "Westermeier, Martin"]
[Black "Mueller, Dennis"]
[Result "1-0"]
[WhiteElo "1679"]
[BlackElo "1610"]
[PlyCount "131"]
[EventDate "2020.06.22"]
[EventType "team-tourn (rapid)"]
[EventCountry "GER"]
[SourceTitle "EXT 2021"]
[Source "ChessBase"]
[SourceDate "2020.10.23"]
[SourceVersion "1"]
[SourceVersionDate "2020.10.23"]
[SourceQuality "1"]
[WhiteTeam "Wasserburg"]
[BlackTeam "Segeberg SF II"]
[WhiteTeamCountry "GER"]
[BlackTeamCountry "GER"]

1. e4 d6 2. c4 Nf6 3. Nc3 g6 4. g3 Bg7 5. Bg2 0-0 6. h3 e5 7. Nge2 Be6 8. d3 c6 9. 0-0 Qc8 10. Kh2 Rd8 11. Bg5 h6 12. Be3 d5 13. cxd5 cxd5 14. exd5 Nxd5 15. d4 Nxe3 16. fxe3 exd4 17. exd4 Nc6 18. d5 Nb4 19. Rc1 Qd7 20. dxe6 Qxe6 21. Qb3 Qe7 22. Rcd1 Nd3 23. Qc2 Nc5 24. Nd5 Qf8 25. Nec3 Rac8 26. Qf2 b6 27. Nf6+ Kh8 28. Ncd5 Ne6 29. Rc1 Qd6 30. Rxc8 Rxc8 31. Nc3 Nc5 32. Nfe4 Nxe4 33. Nxe4 Qb4 34. Qxf7 Qxb2 35. Rf2 Rc2 36. Rxc2 Qxc2 37. Qb3 Qc7 38. Qd3 Be5 39. Qf3 Kg7 40. Qf2 h5 41. h4 Qe7 42. Qc2 Qxh4+ 43. Kg1 Qe7 44. Qc6 Kh7 45. Bh3 Bg7 46. Qd5 Qc7 47. Qd3 Qe5 48. Kh2 h4 49. Kg2 hxg3 50. Nxg3 Qb2+ 51. Qe2 Kh6 52. Qxb2 Bxb2 53. a4 Kg5 54. Bd7 a5 55. Kf3 Be5 56. Ne4+ Kh4 57. Nd2 Bc7 58. Nc4 Kg5 59. Ke4 Kf6 60. Kd5 Ke7 61. Kc6 Bd8 62. Bg4 g5 63. Nxb6 Ke8 64. Kb5 Bc7 65. Kxa5 Kd8 66. Ka6 1-0

[Event "DSOL 05 Liga Gr-D 1st"]
[Site "Playchess.com INT"]
[Date "2020.06.26"]
[Round "1.4"]
[White "Mueller, Dennis"]
[Black "Rohm, Linus"]
[Result "1-0"]
[WhiteElo "1610"]
[BlackElo "1581"]
[PlyCount "117"]
[EventDate "2020.06.22"]
[EventType "team-tourn (rapid)"]
[EventCountry "GER"]
[SourceTitle "EXT 2021"]
[Source "ChessBase"]
[SourceDate "2020.10.23"]
[SourceVersion "1"]
[SourceVersionDate "2020.10.23"]
[SourceQuality "1"]
[WhiteTeam "Segeberg SF II"]
[BlackTeam "Paderborn Akademie"]
[WhiteTeamCountry "GER"]
[BlackTeamCountry "GER"]

1. e4 e6 2. d4 d5 3. e5 c5 4. c3 Qb6 5. Nf3 Nc6 6. Bd3 cxd4 7. cxd4 Bd7 8. 0-0 Nxd4 9. Nxd4 Qxd4 10. Nc3 a6 11. Qf3 Bb4 12. Bd2 Ne7 13. a3 Bxc3 14. Bxc3 Qb6 15. Qg4 Ng6 16. h4 Rg8 17. Rac1 Bb5 18. Qb4 Qc6 19. Bd4 Qd7 20. Bxb5 Qxb5 21. Qxb5+ axb5 22. Rc7 Nf4 23. Kh2 g5 24. Be3 Nd3 25. Bxg5 Nxb2 26. Rb1 Nc4 27. Rxb5 b6 28. Rb3 Rg6 29. f4 Rxa3 30. Rxa3 Nxa3 31. Re7+ Kf8 32. Rb7 Nc4 33. Rb8+ Kg7 34. h5 Rxg5 35. fxg5 Nxe5 36. Rxb6 d4 37. Kg3 d3 38. Rd6 h6 39. Kf4 Nc4 40. Rxd3 hxg5+ 41. Kxg5 f6+ 42. Kh4 e5 43. Rd7+ Kh6 44. Rf7 Ne3 45. Rxf6+ Kg7 46. Rg6+ Kh7 47. g4 Ng2+ 48. Kg3 Nf4 49. Rf6 Nd3 50. Kf3 Nc5 51. Rc6 Nd3 52. g5 Nf4 53. Rc7+ Kh8 54. h6 Ne6 55. Rc8+ Kh7 56. Kg4 Nf8 57. Rxf8 e4 58. Kh5 e3 59. g6# 1-0

[Event "GER-chT WK U18 4th"]
[Site "Kiel"]
[Date "2008.06.01"]
[Round "6.2"]
[White "Blankenfeld, Malte"]
[Black "Mueller, Dennis"]
[Result "1-0"]
[WhiteElo "1456"]
[BlackElo "1151"]
[PlyCount "153"]
[EventDate "2008.05.31"]
[EventType "team-swiss"]
[EventRounds "7"]
[EventCountry "GER"]
[SourceTitle "EXT 2010"]
[Source "ChessBase"]
[SourceDate "2010.11.25"]
[SourceVersion "1"]
[SourceVersionDate "2010.11.25"]
[SourceQuality "1"]

1. d4 e6 2. c4 d5 3. Nc3 Bb4 4. a3 Bxc3+ 5. bxc3 Nf6 6. Bg5 b6 7. e3 Ba6 8. Nf3 dxc4 9. Nd2 b5 10. a4 Qd5 11. Bxf6 gxf6 12. e4 Qc6 13. Qf3 f5 14. axb5 Bxb5 15. exf5 Qxf3 16. Nxf3 exf5 17. g3 Bc6 18. Bg2 Nd7 19. 0-0 Bxf3 20. Bxf3 Rc8 21. Rxa7 0-0 22. Ra5 c5 23. dxc5 Rxc5 24. Rxc5 Nxc5 25. Bd5 Ne4 26. Bxc4 Nxc3 27. Rc1 Ne4 28. f3 Nd6 29. Bd3 Kg7 30. Kg2 Kf6 31. Rc6 Rd8 32. f4 h6 33. Kf3 h5 34. Ke3 Kg7 35. h3 Rd7 36. Rc5 Kg6 37. g4 h4 38. Bxf5+ Nxf5+ 39. Rxf5 Ra7 40. Rg5+ Kf6 41. Rd5 Ra3+ 42. Rd3 Ra4 43. g5+ Kg7 44. Kf3 Kg6 45. Rd6+ Kg7 46. Kg4 Rb4 47. Rf6 Re4 48. Kxh4 Ra4 49. Kg4 Ra3 50. h4 Ra1 51. h5 Rg1+ 52. Kf3 Rh1 53. h6+ Kg8 54. f5 Rf1+ 55. Kg2 Rf4 56. h7+ Kxh7 57. Rxf7+ Kg8 58. g6 Rg4+ 59. Kf3 Rg5 60. Kf4 Rg1 61. Ke5 Re1+ 62. Kf6 Ra1 63. Re7 Ra6+ 64. Re6 Rxe6+ 65. Kxe6 Kf8 66. Kf6 Ke8 67. g7 Kd7 68. g8Q Kd6 69. Qd8+ Kc5 70. Ke5 Kc6 71. Qc8+ Kb6 72. Kd5 Ka7 73. Qc6 Kb8 74. Qd7 Ka8 75. f6 Kb8 76. f7 Ka8 77. f8R# 1-0

[Event "GER-chT WK U18 4th"]
[Site "Kiel"]
[Date "2008.05.31"]
[Round "2.2"]
[White "Mueller, Dennis"]
[Black "Grimm, Julius"]
[Result "1-0"]
[WhiteElo "1151"]
[BlackElo "961"]
[PlyCount "81"]
[EventDate "2008.05.31"]
[EventType "team-swiss"]
[EventRounds "7"]
[EventCountry "GER"]
[SourceTitle "EXT 2010"]
[Source "ChessBase"]
[SourceDate "2010.11.25"]
[SourceVersion "1"]
[SourceVersionDate "2010.11.25"]
[SourceQuality "1"]

1. e4 c5 2. Nf3 a6 3. c3 Nf6 4. Qc2 e6 5. d4 cxd4 6. cxd4 Be7 7. Bf4 d6 8. Bd3 h6 9. 0-0 0-0 10. Rd1 Nc6 11. e5 dxe5 12. dxe5 Nd5 13. Bc1 Kh8 14. Bc4 Qd7 15. Bxd5 exd5 16. Be3 Qe6 17. Nc3 Nxe5 18. Nxe5 Qxe5 19. Rxd5 Qf6 20. Bd4 Qg6 21. Qxg6 fxg6 22. Re1 Bg5 23. g3 Bh3 24. f4 Bd8 25. Kf2 g5 26. Be5 gxf4 27. gxf4 Bh4+ 28. Ke2 Bxe1 29. Kxe1 Rad8 30. Rc5 Bg4 31. Rc7 b5 32. Bxg7+ Kg8 33. Bxf8 Kxf8 34. Rh7 Rd6 35. a3 Rf6 36. Kf2 h5 37. Kg3 Rg6 38. h3 Bf5+ 39. Kh4 Rg2 40. Rxh5 Bg6 41. Rg5 1-0